Макроэкономика: практикум учебно-методическое пособие
Пособие представляет собой практикум для изучающих курс макроэкономической теории. Практикум подготовлен в соответствии с программой курса макроэкономики, который изучается студентами на экономическом факультете Российского университета дружбы народов. Пособие содержит полезные методические материал...
שמור ב:
| מחבר ראשי: | |
|---|---|
| פורמט: | Книга |
| נושאים: | |
| גישה מקוונת: | Перейти к просмотру издания |
| תגים: |
הוספת תג
אין תגיות, היה/י הראשונ/ה לתייג את הרשומה!
|
| LEADER | 02583nam0a2200421 4500 | ||
|---|---|---|---|
| 001 | RU/IPR SMART/91021 | ||
| 856 | 4 | |u https://www.iprbookshop.ru/91021.html |z Перейти к просмотру издания | |
| 801 | 1 | |a RU |b IPR SMART |c 20250903 |g RCR | |
| 010 | |a 978-5-209-07936-1 | ||
| 205 | |a Макроэкономика: практикум |b Весь срок охраны авторского права | ||
| 333 | |a Весь срок охраны авторского права | ||
| 100 | |a 20250903d2017 k y0rusy01020304ca | ||
| 105 | |a y j 000zy | ||
| 101 | 0 | |a rus | |
| 102 | |a RU | ||
| 200 | 1 | |a Макроэкономика: практикум |e учебно-методическое пособие |f В. А. Исаев | |
| 700 | 1 | |a Исаев, |b В. А. |4 070 | |
| 330 | |a Пособие представляет собой практикум для изучающих курс макроэкономической теории. Практикум подготовлен в соответствии с программой курса макроэкономики, который изучается студентами на экономическом факультете Российского университета дружбы народов. Пособие содержит полезные методические материалы по каждой теме курса, включая тесты, задачи, список литературы. Для студентов бакалавриата, обучающихся по направлению «Экономика». | ||
| 210 | |a Москва |c Российский университет дружбы народов |d 2017 | ||
| 610 | 1 | |a макроэкономика | |
| 610 | 1 | |a национальная экономика | |
| 610 | 1 | |a международная торговля | |
| 610 | 1 | |a бюджетно-финансовая политика | |
| 610 | 1 | |a денежный рынок | |
| 610 | 1 | |a денежно-кредитная политика | |
| 610 | 1 | |a экономический рост | |
| 610 | 1 | |a рынок труда | |
| 610 | 1 | |a инфляция | |
| 610 | 1 | |a глобальная экономика | |
| 675 | |a 330.101 | ||
| 686 | |a 65.012 |2 rubbk | ||
| 300 | |a Книга находится в премиум-версии IPR SMART. | ||
| 106 | |a s | ||
| 230 | |a Электрон. дан. (1 файл) | ||
| 336 | |a Текст | ||
| 337 | |a электронный | ||
| 503 | 0 | |a Доступна эл. версия. IPR SMART | |
| 215 | |a 80 с. | ||